Chương trình cấp 1 Từ lớp 1 - 5: Sách tiếng Lào
v.v...
Đã lưu trong:
| Định dạng: | Sách |
|---|---|
| Năm xuất bản: |
1994
|
| Chủ đề: | |
| Tags: |
Thêm thẻ
Không có thẻ, Hãy là người đầu tiên gắn thẻ bản ghi này!
|
| LEADER | 00577nam a2200169 4500 | ||
|---|---|---|---|
| 082 | |a 495.9191 |b CH561tr. | ||
| 100 | |a | ||
| 245 | |a Chương trình cấp 1 |c |b Từ lớp 1 - 5: Sách tiếng Lào | ||
| 260 | |a |b |c 1994 | ||
| 300 | |a 89 tr.; |c 25 cm. | ||
| 520 | |a v.v... | ||
| 653 | |a Ngôn ngữ | ||
| 653 | |a Lào | ||
| 653 | |a chương trình cấp 1 | ||
| 942 | |2 ddc |c SH | ||
| 999 | |c 9820 |d 9820 | ||
| 952 | |0 0 |1 0 |2 ddc |4 0 |6 495_919100000000000_CH561TR |7 0 |8 400 |9 77485 |a qbu |b qbu |c D4 |d 2015-06-11 |g 18000 |o 495.9191 CH561tr. |p 9400.c1 |r 0000-00-00 |w 2015-06-11 |y SH |0 0 |6 495_919100000000000_CH561TR | ||